000
00345nam a2200133 a 4500
005
20140414131937.0
008
110125s19uu xx 00 eng d
050
_a
M 560
_b
W55 2008
245
_a
Why were mammoths woolly?.
260
_b
Miles Kelly.
440
_a
First questions and answers
650
_a
Prehistoric animals
999
_c
112488
_d
112488